| 000 | 00509nam a2200205Ia 4500 | ||
|---|---|---|---|
| 008 | 200601s9999 xx 000 0 und d | ||
| 020 | _a0-553-58375-1 | ||
| 050 | _aREF AG 243 | ||
| 050 | _b.G85 2000 c.2 | ||
| 245 | 0 | _aGuinness world records 2001 / | |
| 260 | _aNew York : | ||
| 260 | _bBantam Books. | ||
| 260 | _c2001 | ||
| 300 | _a497 pages : | ||
| 300 | _billustrations ; | ||
| 300 | _c18 cm. | ||
| 500 | _aIncludes index. | ||
| 650 | _aCuriousities and wonders. | ||
| 650 | _xWorld records. | ||
| 999 |
_c363260 _d363260 |
||